Tous les jouets dans Toy Story - Statistiques

Statistiques générales
  • Ce quiz a été pris 387 fois
    344 depuis la dernière actualisation
  • Le résultat moyen est 19 sur 38
Statistiques - réponses
Episode Jouets % Correct
1 Woody
99%
2 Buzz ceinture
98%
1 Buzz L'Eclair
98%
1 Bergère
86%
1 Zig Zag
86%
1 Mr Patate
85%
1 Rex
85%
2 Jessie
84%
1 Bayonne
78%
2 Pile Poil
78%
2 Mme Patate
77%
3 Barbie
70%
3 Ken
66%
3 Lotso
66%
4 Fourchette
64%
1 Soldats
48%
3 Big Baby
47%
2 Siffli
47%
2 Papi Pepite
46%
2 Zurg
46%
1 Aliens
43%
4 Gabby Gabby
40%
4 Ducky & Bunny
33%
3 Bouton d'Or
31%
1 Karting
27%
3 Trixie
26%
4 Duke Caboom
25%
1 Mouton à trois tetes
25%
3 Rictus
23%
3 Dolly
20%
3 La Brosse
20%
3 Telephone
20%
3 Les petits pois
19%
1 Lenny
17%
3 Flex
13%
3 Le Singe
11%
4 Benson
10%
4 Giggle McDimples
8%
Aucun quiz correspondant
Distribution des résultats
% des personnes avec chaque résultat
Percentile par nombre de réponses
Votre historique - résultats
Vous n’avez pas pris ce quiz depuis la dernière actualisation